Genética general : conceptos fundamentales /

Guardat en:
Dades bibliogràfiques
Autor principal: Lacadena, Juan-Ramón (autor)
Format: Llibre
Idioma:espanyol
Publicat: Madrid, España : Síntesis, 1999, c1999
Col·lecció:(Genética)
Matèries:
Etiquetes: Afegir etiqueta
Sense etiquetes, Sigues el primer a etiquetar aquest registre!

MARC

LEADER 00000nam^a2200000^a^4500
001 000156163
005 20250521000000.0
009 20260310100454.292
020 |a 84-7738-645-5 
037 |a Acervo ITESO - Biblioteca 
041 |a ESP 
082 |a 575. 1  |b LAC 
100 |a Lacadena, Juan-Ramón  |e (autor) 
245 1 0 |a Genética general :  |b conceptos fundamentales /  |c J.R. Lacadena. 
264 4 |a Madrid, España :  |b Síntesis,  |c 1999, c1999 
300 |a 623 p. 
336 |a texto  |b txt  |2 rdacontenido 
337 |a sin mediación  |b n  |2 rdamedio 
338 |a volumen  |b nc  |2 rdasoporte 
440 1 |a (Genética) 
649 |a XX 
650 |a Cromosomas 
650 |a ADN 
650 |a Herencia (Biología) 
650 |a Ingeniería Genética 
650 |a Genética Vegetal 
650 |a Genética -  |x Historia 
650 |a Biología 
910 |a Fondo General 
920 |a Impresos - Libros 
930 |a Colección General 
905 |a 101 
901 |a 0500084357  |b IT1  |c ACC  |u 20250521 
902 |a https://opac.biblio.iteso.mx/vufind/Record/000156163